000 00380nam a22001697a 4500
005 20160630100918.0
008 160630b xxu||||| |||| 00| 0 eng d
020 _a978818574954-9
041 _aeng
082 _b12966
100 _aUpadhyay,A.K
_93142
245 _aApplied Mechanics
260 _bKatson
300 _a413
650 _aDiploma Engineering
_9817
942 _cBK
999 _c4836
_d4834